| 000 | 00888pam a2200253 a 4500 | ||
|---|---|---|---|
| 001 | 915115 | ||
| 003 | NUST-PNEC | ||
| 005 | 20170116180717.0 | ||
| 008 | 820309s1982 enka db 000 0 eng | ||
| 010 | _a 82003565 | ||
| 020 | _a0893971316 | ||
| 040 |
_aDLC _cDLC _dDLC |
||
| 050 | 0 | 0 |
_aTJ163.28 _b.K87 1982 |
| 082 | 0 | 0 |
_a621.042 KUT _219 |
| 100 | 1 | _aKut, David. | |
| 245 | 1 | 0 |
_aDictionary of applied energy conservation / _cDavid Kut. |
| 260 |
_aLondon : _bKogan Page ; _aNew York : _bNichols Pub. Co., _c1982. |
||
| 300 |
_a214 p. : _bill. ; _c24 cm. |
||
| 500 | _ahttp://www.amazon.com/Dictionary-applied-energy-conservation-David/dp/0893971316/ref=sr_1_1?s=books&ie=UTF8&qid=1413954323&sr=1-1&keywords=0893971316 | ||
| 504 | _aBibliography: p. [9] | ||
| 650 | 0 |
_aEnergy conservation _xDictionaries. _xME |
|
| 906 |
_a7 _bcbc _corignew _d1 _eocip _f19 _gy-gencatlg |
||
| 942 |
_2ddc _cBK |
||
| 999 |
_c61233 _d61233 |
||